00278nam a22001097a 4500020001800000082001600018100002200034245004100056260003300097300000800130650003000138 a9789178203416 a248.843 GEO aGeorge, Elizabeth aPutting On a Gentle and Quiet Spirit aMumbaibGLS Publishingc2013 a157 a Women-Christian Theology